000 00479nmm a2200169Ia 4500
008 251105s9999||||xx |||||||||||||||||und||
020 _a9788497426244
041 _aspa
100 _aNogué, Joan
245 0 _aLa construcción social del paisaje
264 _a[Madrid, España] :
_bBiblioteca Nueva,
_c2007
300 _a352 páginas
490 _aPaisaje y teoría
650 _aCultural Studies
856 _uhttps://public.digitaliapublishing.com/a/17011
942 _cCF
999 _c90310
_d90310